ARRUPE JESUIT UNIVERSITY

CORONAVIRUS -STOP THE SPREAD - CLEAN,DISINFECT,COVER

Three years with Lobengula and experiences in South Africa (Record no. 9428)

MARC details
000 -LEADER
fixed length control field 00778nam a2200241Ia 4500
003 - CONTROL NUMBER IDENTIFIER
control field ARRUPE
005 - DATE AND TIME OF LATEST TRANSACTION
control field 20140327132217.0
008 - FIXED-LENGTH DATA ELEMENTS--GENERAL INFORMATION
fixed length control field 130303s9999 xx 000 0 und d
020 ## - INTERNATIONAL STANDARD BOOK NUMBER
International Standard Book Number 869201190
040 ## - CATALOGING SOURCE
Transcribing agency ARRUPELIB
050 ## - LIBRARY OF CONGRESS CALL NUMBER
Classification number SPC CT1929.C66A38 1975
300 ## - PHYSICAL DESCRIPTION
Other physical details 23cm.
100 ## - MAIN ENTRY--PERSONAL NAME
Personal name Cooper-Chadwick, J
9 (RLIN) 9508
245 ## - TITLE STATEMENT
Title Three years with Lobengula and experiences in South Africa
260 ## - PUBLICATION, DISTRIBUTION, ETC. (IMPRINT)
Place of publication, distribution, etc Bulawayo
260 ## - PUBLICATION, DISTRIBUTION, ETC. (IMPRINT)
Name of publisher, distributor, etc Books of Rhodesia
300 ## - PHYSICAL DESCRIPTION
Extent 160p.
440 ## - SERIES STATEMENT/ADDED ENTRY--TITLE
Title Rhodesiana reprint library: Silver series n.1
9 (RLIN) 9509
650 ## - SUBJECT ADDED ENTRY--TOPICAL TERM
Topical term following geographic name as entry element Catholic Commission for justice and Peace in Zimbabwe--History
9 (RLIN) 9510
650 ## - SUBJECT ADDED ENTRY--TOPICAL TERM
Location of event Catholic Commission for justice and Peace in Rhodesia--History
9 (RLIN) 9511
700 ## - ADDED ENTRY--PERSONAL NAME
Personal name J. Cooper-Chadwick
9 (RLIN) 9512
942 ## - ADDED ENTRY ELEMENTS (KOHA)
Source of classification or shelving scheme Library of Congress Classification
Koha item type Monograph ( Printed materials)
Holdings
Withdrawn status Lost status Source of classification or shelving scheme Damaged status Not for loan Collection code Home library Current library Shelving location Date acquired Total Checkouts Full call number Barcode Date last seen Copy number Price effective from Koha item type
    Library of Congress Classification     Main Collection ARRUPE LIBRARY ARRUPE LIBRARY Main Collection 04/03/2013   SPC CT1929.C66A38 1975 46500023697 28/03/2017 1 04/03/2013 Monograph ( Printed materials)
    Library of Congress Classification     Main Collection ARRUPE LIBRARY ARRUPE LIBRARY Main Collection 27/03/2014   SPC CT1929.C66A38 1975 46500002013 27/03/2014 2 27/03/2014 Monograph ( Printed materials)

 

Arrupe Library. PO Box MP320 Mt Pleasant, Harare, Zimbabwe
263 242 745411|librarian@aju.ac.zw